[Event "POL-chT 2nd League"]
[Site "Miedzyzdroje"]
[Date "2009.09.16"]
[Round "5"]
[White "Suchocki, Tomasz"]
[Black "Gasik, Adam"]
[Result "1/2-1/2"]
[WhiteElo "1962"]
[BlackElo "2134"]
[PlyCount "70"]
[EventDate "2009.09.12"]
[EventType "team-swiss"]
[EventRounds "9"]
[EventCountry "POL"]
[SourceTitle "EXT 2019"]
[Source "ChessBase"]
[SourceDate "2018.10.10"]
[SourceVersion "1"]
[SourceVersionDate "2018.10.10"]
[SourceQuality "1"]
[WhiteTeam "Izabelin SSz Parazauroloff"]
[BlackTeam "Warszawa Entropia"]
[WhiteTeamCountry "POL"]
[BlackTeamCountry "POL"]

1. Nf3 Nf6 2. c4 g6 3. Nc3 Bg7 4. e4 d6 5. d4 0-0 6. h3 e5 7. d5 c5 8. Bg5 Bd7 9. Bd3 Na6 10. 0-0 h6 11. Be3 Nc7 12. a3 Nh5 13. Qd2 Kh7 14. g4 Nf6 15. Kg2 Ng8 16. Nh2 Qh4 17. b4 cxb4 18. axb4 f5 19. f3 fxg4 20. fxg4 h5 21. Nf3 Qe7 22. g5 b6 23. Ra3 Rf7 24. Qa2 Raf8 25. Ng1 Rxf1 26. Bxf1 Rf7 27. Rxa7 Nxd5 28. Nxd5 Bxh3+ 29. Nxh3 Qxa7 30. Qxa7 Rxa7 31. Bxb6 Ra2+ 32. Nf2 Bf8 33. b5 Ne7 34. Nf6+ Kg7 35. Bc7 Nc8 1/2-1/2

[Event "POL-chT 2nd League"]
[Site "Miedzyzdroje"]
[Date "2009.09.15"]
[Round "4"]
[White "Gasik, Adam"]
[Black "Moniszka, Krzysztof"]
[Result "1/2-1/2"]
[WhiteElo "2134"]
[BlackElo "2104"]
[PlyCount "63"]
[EventDate "2009.09.12"]
[EventType "team-swiss"]
[EventRounds "9"]
[EventCountry "POL"]
[SourceTitle "EXT 2019"]
[Source "ChessBase"]
[SourceDate "2018.10.10"]
[SourceVersion "1"]
[SourceVersionDate "2018.10.10"]
[SourceQuality "1"]
[WhiteTeam "Warszawa Entropia"]
[BlackTeam "Deblin Czarni"]
[WhiteTeamCountry "POL"]
[BlackTeamCountry "POL"]

1. e4 c5 2. Nf3 Nc6 3. d4 cxd4 4. Nxd4 Nf6 5. Nc3 e5 6. Ndb5 d6 7. Bg5 a6 8. Na3 b5 9. Nd5 Be7 10. Bxf6 Bxf6 11. c3 Bg5 12. Nc2 0-0 13. Bd3 Ne7 14. Ncb4 Nxd5 15. Nxd5 Bb7 16. Bc2 Bh6 17. 0-0 Kh8 18. Qd3 Qh4 19. a4 bxa4 20. Rxa4 g6 21. Nc7 Rad8 22. Nxa6 f5 23. Qg3 Qe7 24. Qh3 Qg5 25. Nc7 Bc8 26. Ra8 fxe4 27. Rxc8 Rxc8 28. Ne6 Qd2 29. Nxf8 Rxf8 30. Bxe4 Rf7 31. Qc8+ Kg7 32. Qd7 1/2-1/2

[Event "Mazowiec-chT 0708"]
[Site "Poland"]
[Date "2008.02.03"]
[Round "9"]
[White "Gasik, Adam"]
[Black "Kurkowski, Zbigniew"]
[Result "1-0"]
[WhiteElo "2135"]
[BlackElo "2113"]
[PlyCount "71"]
[EventDate "2007.10.14"]
[EventType "tourn"]
[EventRounds "10"]
[EventCountry "POL"]
[SourceTitle "EXT 2010"]
[Source "ChessBase"]
[SourceDate "2010.11.25"]
[SourceVersion "1"]
[SourceVersionDate "2010.11.25"]
[SourceQuality "1"]

1. e4 c5 2. Nf3 d6 3. d4 cxd4 4. Nxd4 Nf6 5. Nc3 a6 6. Bg5 e6 7. f4 Be7 8. Qf3 Qc7 9. 0-0-0 0-0 10. g4 b5 11. Bxf6 Bxf6 12. g5 Be7 13. Rg1 b4 14. Nce2 Bb7 15. Ng3 Nc6 16. Nxc6 Qxc6 17. Qh5 Qc5 18. Bd3 Qe3+ 19. Kb1 Qxf4 20. h4 Qe5 21. Rdf1 a5 22. Rf3 f5 23. exf5 Bxf3 24. Qxf3 exf5 25. Nxf5 Rae8 26. b3 Bd8 27. Qc6 Qc5 28. Qxc5 dxc5 29. Nd6 Re7 30. h5 Rf4 31. g6 h6 32. Bc4+ Kf8 33. Rd1 Rd7 34. Bb5 Ra7 35. Nc8 Ra8 36. Rxd8# 1-0

[Event "Stare Mesto op"]
[Site "Stare Mesto"]
[Date "2006.08.14"]
[Round "5"]
[White "Sosna, Jan"]
[Black "Gasik, Adam"]
[Result "1/2-1/2"]
[WhiteElo "2411"]
[BlackElo "2206"]
[PlyCount "84"]
[EventDate "2006.08.11"]
[EventType "swiss"]
[EventRounds "10"]
[EventCountry "CZE"]
[SourceTitle "CBM 113 Extra"]
[Source "ChessBase"]
[SourceDate "2006.09.14"]
[SourceVersion "1"]
[SourceVersionDate "2006.09.14"]
[SourceQuality "1"]

1. d4 Nf6 2. Nf3 d5 3. c3 e6 4. Bg5 c5 5. e3 Nc6 6. Nbd2 cxd4 7. exd4 h6 8. Bh4 Rb8 9. Bd3 b5 10. 0-0 Be7 11. Bg3 Rb6 12. b4 0-0 13. Qe2 a6 14. a4 Na7 15. Ne5 Nd7 16. Nb3 f5 17. f3 f4 18. Bf2 bxa4 19. Nc5 Nb5 20. Nxa4 Nxe5 21. Nxb6 Nxd3 22. Nxc8 Qxc8 23. Qxd3 Qxc3 24. Qxc3 Nxc3 25. Rxa6 Bxb4 26. Rxe6 Ra8 27. g4 Ra2 28. Kg2 Ne2 29. Rb1 Bc3 30. Rb8+ Kh7 31. Rb7 Bxd4 32. Kf1 Ng3+ 33. Bxg3 fxg3 34. hxg3 Rf2+ 35. Ke1 Rxf3 36. Ke2 Rxg3 37. Rb4 Bc3 38. Rf4 d4 39. Kf2 Rh3 40. Kg2 Rd3 41. Rd6 Rd2+ 42. Rf2 Rxf2+ 1/2-1/2

[Event "Stare Mesto op"]
[Site "Stare Mesto"]
[Date "2006.08.12"]
[Round "2"]
[White "Gasik, Adam"]
[Black "Stuchly, Radim"]
[Result "1-0"]
[WhiteElo "2206"]
[BlackElo "2061"]
[PlyCount "125"]
[EventDate "2006.08.11"]
[EventType "swiss"]
[EventRounds "10"]
[EventCountry "CZE"]
[SourceTitle "CBM 113 Extra"]
[Source "ChessBase"]
[SourceDate "2006.09.14"]
[SourceVersion "1"]
[SourceVersionDate "2006.09.14"]
[SourceQuality "1"]

1. e4 c5 2. Nf3 d6 3. d4 cxd4 4. Nxd4 Nf6 5. Nc3 g6 6. Be3 Bg7 7. f3 0-0 8. Qd2 Nc6 9. 0-0-0 d5 10. Nxc6 bxc6 11. exd5 cxd5 12. Nxd5 Nxd5 13. Qxd5 Qc7 14. Qc5 Qb7 15. Qa3 Bf5 16. Bd3 Rab8 17. b3 Rfc8 18. Bxf5 gxf5 19. Qa5 Qc6 20. c4 Qf6 21. Bd4 e5 22. Bb2 Qg5+ 23. Qd2 Qg6 24. Kb1 a5 25. Qxa5 Ra8 26. Qd5 Qxg2 27. Rhg1 Qe2 28. Qxe5 Qxd1+ 29. Rxd1 Bxe5 30. Bxe5 Re8 31. f4 Kf8 32. c5 f6 33. Bd6+ Kf7 34. Rd2 Re6 35. a4 Ke8 36. Rg2 Kd7 37. Kc2 Kc6 38. Kd3 Ra7 39. Ra2 Re4 40. Kc3 Re3+ 41. Kc4 Rb7 42. Rb2 Re4+ 43. Kc3 Re3+ 44. Kc2 Re1 45. Kd3 Ra1 46. Kc4 Rxa4+ 47. b4 Rb5 48. Be7 Ra1 49. Bxf6 Rc1+ 50. Bc3 Rf1 51. Bd2 Ra1 52. Rb3 Ra2 53. Rd3 Rc2+ 54. Bc3 Rb8 55. Rd6+ Kc7 56. Rh6 Re8 57. Rxh7+ Kc8 58. Kb3 Rc1 59. Be5 Rb1+ 60. Kc4 Rg8 61. c6 Rc1+ 62. Kb5 Rc2 63. Ra7 1-0

[Event "Gdansk-ch 8th"]
[Site "Gdansk"]
[Date "2006.07.24"]
[Round "3"]
[White "Cichocki, Adam"]
[Black "Gasik, Adam"]
[Result "1-0"]
[WhiteElo "2336"]
[BlackElo "2206"]
[PlyCount "57"]
[EventDate "2006.07.23"]
[EventType "swiss"]
[EventRounds "9"]
[EventCountry "POL"]
[SourceTitle "EXT 2008"]
[Source "ChessBase"]
[SourceDate "2007.11.25"]
[SourceVersion "1"]
[SourceVersionDate "2007.11.25"]
[SourceQuality "1"]

1. d4 Nf6 2. Nf3 g6 3. c4 Bg7 4. Nc3 0-0 5. Bg5 h6 6. Bh4 c5 7. e3 g5 8. Bg3 cxd4 9. Nxd4 d6 10. Bd3 Nc6 11. h4 g4 12. Nf5 Bxf5 13. Bxf5 Qa5 14. Bc2 d5 15. cxd5 Nxd5 16. 0-0 Nxc3 17. bxc3 f5 18. Qd7 Bxc3 19. Rad1 Qxa2 20. Bxf5 Rf6 21. Be4 Qa4 22. Qxb7 Raf8 23. Bxc6 Rxc6 24. Qxe7 Rcf6 25. Bf4 a5 26. Rd8 Rxd8 27. Qxd8+ Rf8 28. Qd5+ Kh7 29. Qd3+ 1-0

[Event "Chojnice op-A"]
[Site "Chojnice"]
[Date "2005.07.19"]
[Round "5"]
[White "Gasik, Adam"]
[Black "Jaroch, Pawel"]
[Result "1/2-1/2"]
[WhiteElo "2148"]
[BlackElo "2158"]
[PlyCount "20"]
[EventDate "2005.07.16"]
[EventType "swiss"]
[EventRounds "9"]
[EventCountry "POL"]
[SourceTitle "CBM 107 Extra"]
[Source "ChessBase"]
[SourceDate "2005.09.01"]
[SourceVersion "1"]
[SourceVersionDate "2005.09.01"]
[SourceQuality "1"]

1. e4 e6 2. d4 d5 3. exd5 exd5 4. Bd3 Bd6 5. Nf3 Nf6 6. 0-0 0-0 7. c3 c6 8. Bg5 Bg4 9. Nbd2 Nbd7 10. Qc2 Qc7 1/2-1/2

[Event "Wroclaw Polonia op-A"]
[Site "Wroclaw"]
[Date "2005.07.01"]
[Round "7"]
[White "Gasik, Adam"]
[Black "Malecki, Rafal"]
[Result "0-1"]
[WhiteElo "2050"]
[BlackElo "2161"]
[PlyCount "130"]
[EventDate "2005.06.??"]
[EventType "swiss"]
[EventRounds "9"]
[EventCountry "POL"]
[SourceTitle "EXT 2006"]
[Source "ChessBase"]
[SourceDate "2005.11.24"]
[SourceVersion "1"]
[SourceVersionDate "2005.11.24"]
[SourceQuality "1"]

1. e4 d6 2. d4 Nf6 3. Nc3 g6 4. Be3 c6 5. Qd2 Bg7 6. Bh6 Bxh6 7. Qxh6 Qa5 8. Qd2 b5 9. Bd3 Nbd7 10. f4 0-0 11. Nf3 b4 12. Ne2 e5 13. dxe5 dxe5 14. 0-0 Ng4 15. fxe5 Ndxe5 16. Ned4 c5 17. Nxe5 Nxe5 18. Nf3 c4 19. Nxe5 Qxe5 20. Bxc4 Qc5+ 21. Kh1 Qxc4 22. Rf4 Qc5 23. Rh4 Qe7 24. Rf4 Bb7 25. e5 a5 26. Re1 Rad8 27. Qf2 Rd5 28. Rfe4 Rfd8 29. e6 f5 30. R4e2 Rd1 31. h3 Be4 32. Qb6 Rxe1+ 33. Rxe1 Qg5 34. Rg1 Qh4 35. Qe3 Rd6 36. c4 Rxe6 37. Kh2 Qf6 38. Rd1 Qe5+ 39. Kg1 Rd6 40. Rxd6 Qxd6 41. Qg5 Kg7 42. h4 Qd1+ 43. Kh2 Qd6+ 44. Kg1 Qc5+ 45. Kh2 h6 46. Qf4 Qxc4 47. Qe5+ Kf7 48. Qxa5 Qd4 49. a3 Qd6+ 50. Kg1 Qd1+ 51. Kh2 Qd6+ 52. Kg1 Qd4+ 53. Kh2 Qxb2 54. Qc7+ Ke6 55. Qc8+ Kd5 56. Qg8+ Kc6 57. Qe8+ Kd5 58. Qg8+ Kc5 59. Qc8+ Kb5 60. Qe8+ Bc6 61. a4+ Kc5 62. Qe7+ Kc4 63. Qe6+ Bd5 64. Qa6+ Kc3 65. Qf6+ Kb3 0-1

[Event "Wroclaw Polonia op-A"]
[Site "Wroclaw"]
[Date "2005.06.29"]
[Round "5"]
[White "Gasik, Adam"]
[Black "Kireev, Aleksei"]
[Result "0-1"]
[WhiteElo "2050"]
[BlackElo "2375"]
[PlyCount "90"]
[EventDate "2005.06.??"]
[EventType "swiss"]
[EventRounds "9"]
[EventCountry "POL"]
[SourceTitle "EXT 2006"]
[Source "ChessBase"]
[SourceDate "2005.11.24"]
[SourceVersion "1"]
[SourceVersionDate "2005.11.24"]
[SourceQuality "1"]

1. e4 d6 2. d4 g6 3. Nc3 c6 4. Be3 Bg7 5. Qd2 b5 6. Bd3 Nd7 7. Nf3 a6 8. 0-0 e5 9. dxe5 dxe5 10. Rad1 Qe7 11. Ne2 Bb7 12. Ng3 h5 13. h4 Bh6 14. Bxh6 Nxh6 15. Qa5 Rc8 16. c4 b4 17. Bc2 f6 18. Rd2 Qc5 19. Qxc5 Nxc5 20. Rfd1 Ke7 21. Ne1 Nf7 22. Nd3 Nxd3 23. Rxd3 Rcd8 24. Rxd8 Nxd8 25. f3 Ne6 26. Ne2 a5 27. Kf2 Ra8 28. Ke3 Ba6 29. b3 a4 30. Ra1 Ra7 31. g3 Nc5 32. Nc1 Bc8 33. Nd3 Nxd3 34. Kxd3 axb3 35. Bxb3 Kd6 36. Ke3 Kc5 37. Rd1 Rd7 38. Rxd7 Bxd7 39. f4 Bh3 40. fxe5 fxe5 41. Kf2 Be6 42. Bd1 Bxc4 43. g4 hxg4 44. Bxg4 Bxa2 45. Ke3 Bf7 0-1

[Event "Internet Section 10B g/8'+2\""]
[Site "Dos Hermanas"]
[Date "2004.03.11"]
[Round "1"]
[White "Cobb, James"]
[Black "Gasik, Adam"]
[Result "1-0"]
[WhiteElo "2321"]
[BlackElo "2024"]
[PlyCount "109"]
[EventDate "2004.03.10"]
[EventType "swiss (blitz)"]
[EventRounds "9"]
[EventCountry "ESP"]
[SourceTitle "EXT 2005"]
[Source "ChessBase"]
[SourceDate "2004.11.15"]
[SourceVersion "1"]
[SourceVersionDate "2004.11.15"]
[SourceQuality "1"]

1. d4 c5 2. d5 e5 3. e4 d6 4. Nc3 Be7 5. Nf3 Nf6 6. h3 0-0 7. a4 b6 8. Be2 Ne8 9. 0-0 g6 10. Nd2 Ng7 11. Nc4 Nd7 12. f4 f5 13. fxe5 Nxe5 14. Nxe5 dxe5 15. Bf3 f4 16. Bg4 a6 17. b3 Bd6 18. Bb2 Qh4 19. Nb1 Bxg4 20. Qxg4 Qxg4 21. hxg4 Ne8 22. Nd2 g5 23. Nc4 Bc7 24. Bxe5 Bxe5 25. Nxe5 Nf6 26. Rfe1 Rfe8 27. Nc4 Nxe4 28. Nxb6 Rad8 29. Rad1 Nd6 30. Re6 Kf7 31. Rde1 a5 32. R1e5 Nb7 33. Rf5+ Kg7 34. Rxg5+ Kh8 35. Nc4 Rxe6 36. dxe6 Re8 37. Ne5 h6 38. Rg6 Kh7 39. Rf6 Nd8 40. Rxf4 Rxe6 41. Nc4 Re2 42. Rf2 Rxf2 43. Kxf2 Nc6 44. Kf3 Kg6 45. c3 Kg5 46. g3 Kf6 47. Kf4 Kg6 48. Ke4 Kg5 49. Kd5 Ne7+ 50. Ke6 Nc8 51. Ne3 h5 52. gxh5 Kxh5 53. Kd7 Na7 54. Kc7 Kg5 55. Kb7 1-0

[Event "Internet Section 10A g/8'+2\""]
[Site "Dos Hermanas"]
[Date "2004.03.10"]
[Round "3"]
[White "Gasik, Adam"]
[Black "Kraft, Volker"]
[Result "0-1"]
[WhiteElo "2024"]
[BlackElo "2357"]
[PlyCount "34"]
[EventDate "2004.03.10"]
[EventType "swiss (blitz)"]
[EventRounds "9"]
[EventCountry "ESP"]
[SourceTitle "EXT 2005"]
[Source "ChessBase"]
[SourceDate "2004.11.15"]
[SourceVersion "1"]
[SourceVersionDate "2004.11.15"]
[SourceQuality "1"]

1. e4 c5 2. Nf3 g6 3. d4 cxd4 4. Nxd4 Bg7 5. Nc3 Nc6 6. Be3 Nf6 7. Nxc6 bxc6 8. e5 Nd5 9. Nxd5 cxd5 10. Qxd5 Rb8 11. Bc4 e6 12. Qd6 Qa5+ 13. c3 Bxe5 14. Qd2 Rxb2 15. Qd3 Bxc3+ 16. Kf1 0-0 17. g3 d5 0-1

[Event "Internet Section 10A g/8'+2\""]
[Site "Dos Hermanas"]
[Date "2004.03.10"]
[Round "1"]
[White "Gasik, Adam"]
[Black "Nyback, Tomi"]
[Result "0-1"]
[WhiteElo "2024"]
[BlackElo "2497"]
[PlyCount "60"]
[EventDate "2004.03.10"]
[EventType "swiss (blitz)"]
[EventRounds "9"]
[EventCountry "ESP"]
[SourceTitle "EXT 2005"]
[Source "ChessBase"]
[SourceDate "2004.11.15"]
[SourceVersion "1"]
[SourceVersionDate "2004.11.15"]
[SourceQuality "1"]

1. e4 d6 2. Nf3 Nf6 3. Nc3 g6 4. d4 Bg7 5. Be3 0-0 6. Qd2 a6 7. h4 b5 8. Bf4 b4 9. Nd5 Nxe4 10. Qxb4 c5 11. dxc5 Nxc5 12. h5 Nc6 13. Qa3 Rb8 14. c3 Be6 15. Ne3 Qb6 16. hxg6 hxg6 17. Rb1 Rfc8 18. Bc4 Bxc4 19. Nxc4 Nd3+ 20. Kd2 Qb5 21. Bxd6 Qxc4 22. Bxb8 Rxb8 23. Rh4 Qd5 24. c4 Qf5 25. b3 Rd8 26. Ke2 Nf4+ 27. Rxf4 Qd3+ 28. Ke1 Qxb1+ 29. Ke2 Qd1+ 30. Ke3 Qd3# 0-1

[Event "Internet Section 09A g/8'+2\""]
[Site "Dos Hermanas"]
[Date "2004.03.09"]
[Round "8"]
[White "Zimin, Vladimir"]
[Black "Gasik, Adam"]
[Result "0-1"]
[WhiteElo "2398"]
[BlackElo "2024"]
[PlyCount "116"]
[EventDate "2004.03.09"]
[EventType "swiss (blitz)"]
[EventRounds "9"]
[EventCountry "ESP"]
[SourceTitle "CBM 099 Extra"]
[Source "ChessBase"]
[SourceDate "2004.05.04"]
[SourceVersion "1"]
[SourceVersionDate "2004.05.04"]
[SourceQuality "1"]

1. e4 c5 2. Nf3 d6 3. d4 cxd4 4. Nxd4 Nf6 5. Nc3 a6 6. Bg5 Nbd7 7. f4 g6 8. Bd3 Bg7 9. Qe2 Qc7 10. 0-0-0 0-0 11. Nb3 b5 12. g4 Nc5 13. h4 Bxg4 14. Qg2 Bxd1 15. Bxf6 Nxd3+ 16. Kxd1 Nxb2+ 17. Kc1 Bxf6 18. Nd5 Nd3+ 19. Kd2 Nxf4 20. Nxf4 Qc3+ 21. Kd1 Rac8 22. h5 g5 23. Nd5 Qe5 24. Rf1 Rc4 25. Nd2 Rd4 26. Rf5 Qe6 27. h6 Kh8 28. Qf2 Qxe4 29. Nxf6 exf6 30. Rxf6 Rc8 31. c4 Rcxc4 32. Qf5 Qh1+ 33. Ke2 Qg2+ 34. Qf2 Qxf2+ 35. Rxf2 Rc2 36. Ke3 Rdxd2 37. Rxf7 Re2+ 38. Kd3 Kg8 39. Rg7+ Kf8 40. Rxh7 Rxa2 41. Ra7 Rh2 42. h7 g4 43. Ke4 g3 44. Kf5 g2 45. Kf6 Rf2+ 46. Ke6 g1Q 47. Ra8+ Kg7 48. Rg8+ Kxh7 49. Rxg1 Re2+ 50. Kxd6 a5 51. Kc5 Rb2 52. Kb6 a4 53. Ka5 a3 54. Ra1 a2 55. Kb6 Rb1 56. Ka5 Rxa1 57. Kb4 Rb1+ 58. Kc3 a1Q+ 0-1

[Event "Internet Section 06B g/8'+2\""]
[Site "Dos Hermanas"]
[Date "2004.03.06"]
[Round "7"]
[White "Gasik, Adam"]
[Black "Leon Hoyos, Manuel"]
[Result "0-1"]
[WhiteElo "2024"]
[BlackElo "2303"]
[PlyCount "82"]
[EventDate "2004.03.06"]
[EventType "swiss (blitz)"]
[EventRounds "9"]
[EventCountry "ESP"]
[SourceTitle "CBM 099 Extra"]
[Source "ChessBase"]
[SourceDate "2004.05.04"]
[SourceVersion "1"]
[SourceVersionDate "2004.05.04"]
[SourceQuality "1"]

1. e4 c5 2. Nf3 g6 3. d4 Bg7 4. Be3 Nc6 5. Nc3 cxd4 6. Nxd4 Nf6 7. Bc4 0-0 8. Nxc6 bxc6 9. 0-0 d6 10. Bd4 e5 11. Be3 Be6 12. Qe2 Rb8 13. b3 Qa5 14. Bd2 Qc7 15. f4 Bxc4 16. Qxc4 exf4 17. Rxf4 Rfe8 18. Re1 a5 19. a4 Rb4 20. Qf1 Nh5 21. Rh4 Qe7 22. Rh3 Bxc3 23. Bxc3 Rxe4 24. Rxe4 Qxe4 25. Rf3 Qd5 26. Ba1 Ng7 27. c4 Qe6 28. h3 Qe1 29. Rxf7 Nf5 30. Ra7 Qe3+ 31. Qf2 Qc1+ 32. Kh2 Qxa1 33. Rxa5 Re1 34. Ra8+ Kg7 35. Ra7+ Kf6 36. g4 Rf1 37. Qe2 Rh1+ 38. Kg2 Qg1+ 39. Kf3 Rxh3+ 40. Ke4 Re3+ 41. Qxe3 Qxe3# 0-1